| 000 | 01088cam a2200241 a 4500 | ||
|---|---|---|---|
| 001 | 000007142 | ||
| 005 | 20200929154058.0 | ||
| 008 | 890207s1987 ec a b f001 p spa | ||
| 040 |
_aDO-SdBNP _bspa _cBNPHU |
||
| 082 |
_a923.59866 _bV297E |
||
| 245 | 0 | 0 |
_aVargas Torres en la poesía y en la prosa / _cantología compilada por Nelson Estupiñán Bass. |
| 260 |
_aQuito, Ecuador : _bComisión Nacional Permanente de Conmemoraciones Cívicas : _bCasa de la Cultura Ecuatoriana "Benjamín Carrión", _c1987. |
||
| 300 |
_a140 p. : _bil. ; _c18 cm. |
||
| 490 | 1 |
_aCasa de la Cultura Ecuatoriana "Benjamín Carrión" _vno. 3 |
|
| 500 | _aPrimer centenario de la Muerte de Luis Vargas Torres. | ||
| 504 | _aBibliografía: p. 137. | ||
| 600 | 1 | 4 |
_aVARGAS TORRES, LUIS, _d1855-1887 _919814 |
| 650 | 4 |
_aPoesía ecuatoriana _913387 |
|
| 650 | 4 |
_aLiteratura ecuatoriana _93938 |
|
| 651 | 4 |
_aEcuador _xHistoria _y1830-1895 _xColecciones Literarias _919815 |
|
| 700 | 1 |
_aEstupiñán Bass, Nelson, _d1912-2002 _ecomp. _919816 |
|
| 830 | 0 |
_aCasa de la Cultura Ecuatoriana "Benjamín Carrión" ; _vno. 3. _919817 |
|
| 999 |
_c6923 _d6923 |
||